| 000 | 00753nam a2200193 a 4500 | ||
|---|---|---|---|
| 008 | 071112s2004 ||||||||||||||||| || u | ||
| 020 | _a140511701X | ||
| 050 | _aHG 3881 Gro | ||
| 100 | _aGrosse, Robert | ||
| 245 | 1 | 4 |
_aThe future of global financial services _cRobert Grosse |
| 260 |
_aOxford _bBlackwell Publishing _c2004 |
||
| 300 | _axvi, 218p.: ill. | ||
| 350 | _a0.00 | ||
| 490 | _aBlackwell global dimensions of business series | ||
| 650 | _aFINANCIAL INSTITUTIONS, INTERNATIONAL | ||
| 650 | 0 | _aFINANCE--DEVELOPING COUNTRIES | |
| 650 | _aFINANCIAL SERVICES INDUSTRY | ||
| 995 |
_D0.00 _FCBU-MAIN LIBRARY (Kitwe) _H1 _I0.00 _M1 _UAVAILABLE _WNov 12, 2007 _ZMain Library Open Access Collection |
||
| 999 |
_c44258 _d44258 |
||